| 000 | 01061nam a22002775a 4500 | ||
|---|---|---|---|
| 003 | OSt | ||
| 005 | 20160516151555.0 | ||
| 008 | 160516s2007 ua gr 000 0 ara d | ||
| 015 | _a1999 / 19979 | ||
| 020 | _a9771411160 | ||
| 040 |
_aEG-ScBUE _bara _cEG-ScBUE |
||
| 043 | _af-ua--- | ||
| 082 | 0 | 4 |
_a370.962 _bب د ر _222 |
| 100 | 1 |
_aبدران، إبراهيم. _939988 |
|
| 245 | 1 | 0 |
_aتطلعات لمصر المستقبل : _bفي السياسة والتنمية البشرية والبحث العلمي : قراءات وتجارب / _cإبراهيم بدران. |
| 250 | _aط. 2. | ||
| 260 |
_aالقاهرة : _bنهضة مصر للطباعة والنشر والتوزيع، _c2007. |
||
| 300 |
_a318 ص. ؛ _c24 سم. |
||
| 541 | _aDonation from Mr. Fareed Khamis. | ||
| 650 | 0 |
_aالتعليم _zمصر. _2BUEsh _98639 |
|
| 650 | 0 |
_aالقوى العاملة _zمصر. _2BUEsh |
|
| 651 | 0 |
_aمصر _xعلاقات خارجية. _2BUEsh |
|
| 651 | 0 |
_aمصر _xالأحوال السياسية. _2BUEsh |
|
| 653 |
_bBUSBOL _bGGEN _cMay2016 |
||
| 942 | _2ddc | ||
| 999 |
_c21756 _d21728 |
||